Statistics for 2021年西亚百万人口城市

Click here to take the quiz!

General Stats

  • This quiz has been taken 183 times
  • The average score is 24 of 46

Answers on the Map

Answers color-coded by a green-red scale on the quiz's map according to % correct below.
 

Answer Stats

人口(万)城市% Correct
1,620.0伊斯坦布尔
97%
570.0迪拜
95%
1,550.0德黑兰
95%
515.0安卡拉
94%
101.0耶路撒冷
89%
390.0大马士革
88%
158.0阿布扎比
86%
715.0巴格达
86%
840.0利雅得
86%
450.0科威特城
84%
220.0麦加
83%
272.5特拉维夫
79%
262.5巴库
79%
159.0麦地那
74%
230.0多哈
72%
179.0贝鲁特
67%
570.0安曼
60%
136.0第比利斯
59%
202.5加沙
59%
290.0萨那
56%
305.0伊兹密尔
53%
133.0马斯喀特
53%
325.0伊斯法罕
53%
515.0吉达
52%
150.0埃里温
49%
194.0阿勒颇
49%
157.0麦纳麦
47%
185.0大不里士
45%
156.0巴士拉
44%
180.0设拉子
41%
143.0摩苏尔
38%
325.0马什哈德
34%
134.0安塔利亚
24%
212.5布尔萨
22%
257.5达曼
22%
170.0加济安泰普
19%
175.0阿达纳
19%
141.0阿瓦士
17%
112.0埃尔比勒
17%
132.0库姆
16%
133.0科尼亚
15%
111.0开塞利
15%
105.0基尔库克
15%
106.0迪亚巴克尔
14%
101.0梅尔辛
12%
104.0克尔曼沙赫
7%

Score Distribution

Percentile by Number Answered

Percent of People with Each Score

Your Score History

You have not taken this quiz